01635nam a2200313 a 4500001001200000003000800012006001900020007001500039008004100054020001800095020002700113040002100140035002100161050002300182245040100205260003500606300002400641504005100665533015200716650003600868650003700904655002900941700002300970710008100993710008701074710001701161856012601178999001701304ebr10658453CaPaEBRm u cr cn|||||||||130222s2013 njua sb 101 0 eng d z9781118605646 z9781118659052 (e-book) aCaPaEBRcCaPaEBR a(OCoLC)83453834014aTA410b.C43 2013eb00aCharacterization of minerals, metals, and materials 2013h[electronic resource] :bproceedings of a symposium sponsored by the Materials Characterization Committee of the Extraction and Processing Division of TMS (The Minerals, Metals & Materials Society) : held during the TMS 2013 Annual Meeting & Exhibition, San Antonio, Texas, USA, March 3-7, 2013 /cedited by Jiann-Yang Hwang ... [et al.]. aHoboken, N.J. :bWiley,c2013. axix, 574 p. :bill. aIncludes bibliographical references and index. aElectronic reproduction.bPalo Alto, Calif. :cebrary,d2013.nAvailable via World Wide Web.nAccess may be limited to ebrary affiliated libraries. 0aMaterialsxTestingvCongresses. 0aMaterialsxAnalysisvCongresses. 7aElectronic books.2local1 aHwang, Jiann-Yang.2 aMinerals, Metals and Materials Society.bExtraction and Processing Division.2 aMinerals, Metals and Materials Society.bMeetingn(141st :d2012 :cOrlando, Fla.)2 aebrary, Inc.40uhttp://site.ebrary.com/lib/rucke/Doc?id=10658453zAn electronic book accessible through the World Wide Web; click to view c65372d65372